Breach of public trust - should it be a crime?
| Autor principal: | |
|---|---|
| Tipo de documento: | Print Libro |
| Lenguaje: | Inglés |
| Publicado: |
Jerusalem
Faculty of Law, the Hebrew University of Jerusalem
circa 1999
|
| En: |
Working paper series (4)
Año: 1999 |
| Disponibilidad en Tübingen: | Disponible en Tübingen. UB: KB 8 E 7846 |
| Verificar disponibilidad: | HBZ Gateway |
| Servicio de pedido Subito: | Pedir ahora. |
MARC
| LEADER | 00000cam a2200000 c 4500 | ||
|---|---|---|---|
| 001 | 1156253462 | ||
| 003 | DE-627 | ||
| 005 | 20220519095933.0 | ||
| 007 | tu | ||
| 008 | 000725s1999 xx ||||| 00| ||eng c | ||
| 035 | |a (DE-627)1156253462 | ||
| 035 | |a (DE-576)086253468 | ||
| 035 | |a (DE-599)BSZ086253468 | ||
| 035 | |a (OCoLC)313754120 | ||
| 040 | |a DE-627 |b ger |c DE-627 |e rakwb | ||
| 041 | |a eng | ||
| 100 | 1 | |a Gur-Arye, Miriam |0 (DE-627)125276099X |0 (DE-576)182760995 |4 aut | |
| 109 | |a Gur-Arye, Miriam |a Arye, Miriam Gur- | ||
| 245 | 1 | 0 | |a Breach of public trust - should it be a crime? |c by Miriam Gur-Arye |
| 264 | 1 | |a Jerusalem |b Faculty of Law, the Hebrew University of Jerusalem |c circa 1999 | |
| 300 | |a 16 Bl. | ||
| 336 | |a Text |b txt |2 rdacontent | ||
| 337 | |a ohne Hilfsmittel zu benutzen |b n |2 rdamedia | ||
| 338 | |a Band |b nc |2 rdacarrier | ||
| 490 | 1 | |a Working paper series / Jerusalem Criminal Justice Study Group |v 4 | |
| 583 | 1 | |a Archivierung prüfen |c 20200919 |f DE-640 |z 1 |2 pdager | |
| 810 | 2 | |a hā- Ûnîversîṭā hā-ʿIvrît |g Yerûšālayim |b Qevûṣat Yerûšālayim le Meḥqar Maʿareḵet ham-Mišpāṭ hap-Pelîlî |t Working paper series |v 4 |9 4 |w (DE-627)1156253233 |w (DE-576)086253239 |7 am | |
| 951 | |a BO | ||
| ELC | |b 1 | ||
| LOK | |0 000 xxxxxcx a22 zn 4500 | ||
| LOK | |0 001 2381344330 | ||
| LOK | |0 003 DE-627 | ||
| LOK | |0 004 1156253462 | ||
| LOK | |0 005 20010725000000 | ||
| LOK | |0 008 000725||||||||||||||||ger||||||| | ||
| LOK | |0 040 |a DE-21 |c DE-627 |d DE-21 | ||
| LOK | |0 852 |a DE-21 | ||
| LOK | |0 852 1 |c KB 8 E 7846 |9 00 | ||
| LOK | |0 935 |a krim | ||
| LOK | |0 936ln |a k10.12 | ||
| LOK | |0 939 |a 25-07-00 |b l01 | ||
| ORI | |a SA-MARC-krimdoka001.raw | ||
| SIG | |a UB: KB 8 E 7846 | ||
